<?xml version="1.0" encoding="utf-8"?>
<?xml-stylesheet type='text/xsl' href='./oai2.xsl'?>
<OAI-PMH xmlns="http://www.openarchives.org/OAI/2.0/" xmlns:xsi="http://www.w3.org/2001/XMLSchema-instance" xsi:schemaLocation="http://www.openarchives.org/OAI/2.0/ http://www.openarchives.org/OAI/2.0/OAI-PMH.xsd">
  <responseDate>2026-05-15T21:24:37Z</responseDate>
  <request verb="GetRecord" metadataPrefix="marcxml" identifier="record_kuniweb_2522723">https://kulturerbe.niedersachsen.de/oai</request>
  <GetRecord>
    <record>
      <header>
        <identifier>record_kuniweb_2522723</identifier>
        <datestamp>2026-03-31T19:09:18Z</datestamp>
        <setSpec>slg0175</setSpec>
      </header>
      <metadata>
        <marc:record xmlns:marc="http://www.loc.gov/MARC21/slim" xsi:schemaLocation="http://www.loc.gov/MARC21/slim http://www.loc.gov/standards/marcxml/schema/MARC21slim.xsd">
          <marc:leader>12345nkm  22     uu 4500</marc:leader>
          <marc:controlfield tag="001">2522723</marc:controlfield>
          <marc:controlfield tag="003">http://kuniweb.gbv.de</marc:controlfield>
          <marc:controlfield tag="005">2025-10-07T14:25:35</marc:controlfield>
          <marc:controlfield tag="008">|           ||||||||||||||||||||||</marc:controlfield>
          <marc:datafield tag="245" ind1="1" ind2="0">
            <marc:subfield code="a">Meta Magnussen (Profil)</marc:subfield>
          </marc:datafield>
          <marc:datafield tag="720" ind1=" " ind2=" ">
            <marc:subfield code="a">Harro Magnussen</marc:subfield>
          </marc:datafield>
          <marc:datafield tag="655" ind1=" " ind2="7">
            <marc:subfield code="a">Fotografie</marc:subfield>
          </marc:datafield>
          <marc:datafield tag="046" ind1=" " ind2=" ">
            <marc:subfield code="k">1887</marc:subfield>
            <marc:subfield code="k">ca. 1887 (Medaillon und Fotografie erwähnt im Brief von Harro Magnussen an Hermann Allmers am 6. Oktober 1887 (Briefwechsel II, 2014, S. 534f.))</marc:subfield>
          </marc:datafield>
          <marc:datafield tag="260" ind1=" " ind2=" ">
            <marc:subfield code="g">1887</marc:subfield>
            <marc:subfield code="g">ca. 1887 (Medaillon und Fotografie erwähnt im Brief von Harro Magnussen an Hermann Allmers am 6. Oktober 1887 (Briefwechsel II, 2014, S. 534f.))</marc:subfield>
          </marc:datafield>
          <marc:datafield tag="300" ind1=" " ind2=" ">
            <marc:subfield code="a">Höhe: 213 mm (Fotografie)
Breite: 190 mm (Fotografie)
Höhe: 346 mm (Trägerkarton)
Breite: 324 mm (Trägerkarton)</marc:subfield>
          </marc:datafield>
          <marc:datafield tag="520" ind1=" " ind2=" ">
            <marc:subfield code="a">Fotografie auf Trägerkarton nach einem Porträtmedaillon von Harro Magnussen, das seine Mutter Meta Magnussen (gest. 1865) im Profil nach links zeigt. Medaillon und Fotografie erwähnt im Brief von Harro Magnussen an Hermann Allmers am 6. Oktober 1887: "Einstweilen sende ich Dir ein  kleines Andenken an eine, von uns beiden hoch verehrte Tote. Hoffentlich gefällt Dir mein schwacher Versuch, mit geringem Material ein lebensvolles Bild von meiner geliebten schönen Mutter herzustellen, wenn auch nicht ausgeschlossen ist, daß ich die Arbeit noch einmal angreife, um dem lieblichen Ausdruck noch näher zu kommen." (Briefwechsel II, 2014, S. 534f.)
Allmers selbst lobt das Werk in einem Brief an Harro Magnussens Vater Christian am 28. November 1887: "Eine mit tiefer Wehmut gemischte Freude bereitete mir Harro eben vor seinem Fortgange von München durch die Photographie seines Medaillons mit dem Bilde seiner mir ewig unvergeßlichen Mutter Ihrer herrlichen hingeschiedenen Gattin und mit gleichem Gefühl werden auch Sie durch sein Werk erfüllt worden sein, ganz abgesehn vom Beweis für Harros schöne künstlerische Begabung." (Briefwechsel II, 2014, S. 539) (T. Mahler 09/2024)

Aufschrift:
"Meinem lieben Onkel Bernolef./ Z. Erinnerung an seinen Römischen/ Aufenthalt./ Von seinem Harro Magnussen." u. re. (Widmung an HA von der Hand Magnussens in schwarzer Tinte auf dem Trägerkarton)

Literatur in Zusammenhang:
H. Allmers und H. G. Steimer, „Briefwechsel mit Freunden im Nordwesten“, Briefwechsel, Bd. 2. Ed. Temmen, Bremen, 2014. (B 164 von Harro Magnussen (6. Oktober 1887), S. 534f. B 167 an Christian Magnussen (28. November 1887), S. 538f.))</marc:subfield>
          </marc:datafield>
          <marc:datafield tag="650" ind1="1" ind2=" ">
            <marc:subfield code="a">Grafik, Fotografie &gt; Fotografie</marc:subfield>
          </marc:datafield>
          <marc:datafield tag="773" ind1="0" ind2=" ">
            <marc:subfield code="t">Sammlung und Nachlass Hermann Allmers</marc:subfield>
          </marc:datafield>
          <marc:datafield tag="852" ind1=" " ind2=" ">
            <marc:subfield code="a">Archiv des Landkreises Cuxhaven</marc:subfield>
          </marc:datafield>
          <marc:datafield tag="" ind1=" " ind2=" ">
            <marc:subfield code="a">Sammlung und Nachlass Hermann Allmers sind Eigentum der Hermann-Allmers-Gesellschaft e. V. und werden in zwei Teilen an zwei Standorten verwahrt:
Die (museale) Sammlung, bestehend aus Mobiliar und Hausgerät, Tafelgemälden, kleineren und größeren Antiken, Gipsabgüssen, kunsthandwerklichen Objekten aus Keramik und Glas und einer kleinen Bibliothek, befindet sich im Allmers-Haus in Rechtenfleth.
Der literarische, grafische und fotografische "Nachlass Hermann Allmers" hingegen ist im Archiv des Landkreises Cuxhaven in Otterndorf deponiert.</marc:subfield>
          </marc:datafield>
          <marc:datafield tag="" ind1=" " ind2=" ">
            <marc:subfield code="a">Namensnennung - Nicht kommerziell - Keine Bearbeitungen 4.0 International (CC BY-NC-ND 4.0)</marc:subfield>
          </marc:datafield>
        </marc:record>
      </metadata>
    </record>
  </GetRecord>
</OAI-PMH>
